| 000 | 00880nam a2200313Ia 4500 | ||
|---|---|---|---|
| 001 | 3030 | ||
| 005 | 20240113233608.0 | ||
| 007 | ta | ||
| 008 | 050330s002- a g b000 u eng u | ||
| 020 |
_a81-245-0047-9 _cRs. 470.00 |
||
| 040 | _aCotton College,Assam | ||
| 041 | _aeng | ||
| 082 |
_a540 _bJa 322 Mo |
||
| 100 | _aJauhar, S P . | ||
| 245 | 0 |
_aModern`s abc of Chemistry for Class XII / _cS P Jauhar. _hTextual Documents |
|
| 250 | _aRev Ed. / | ||
| 260 |
_aJalandhar : _bModern Publishers , _c2002-03. |
||
| 300 |
_a1273p. : _bill ; _c28cm . |
||
| 365 | _aRs. 470.00 | ||
| 504 | _aAppendices,C.B.S.C. Board`s Paper,2000(Delhi), Logarithms,Antilogarithms. | ||
| 653 | _aChemistry | ||
| 653 | _aG-Chemistry | ||
| 942 |
_2ddc _cBK |
||
| 999 |
_c3018 _d3018 |
||